Comunicados SAT

Bibliographic Details
Format: eBook
Language:Spanish
Published: Mx̌ico D.F. : Editorial vLex, 2012
Subjects:
Online Access:http://www.vlex.com/source/21275

MARC

LEADER 00000nam a22000007a 4500
005 20130301140451.0
007 cr|||| ||||
008 130301e2012 mx |||||s|||| 00||0 spa d
035 |a 21275 
040 |a vLex 
090 |c 3809  |d 3809 
245 0 0 |a Comunicados SAT  |h [Recurso electrn̤ico] 
256 |a Servicio en ln̕ea 
260 |a Mx̌ico D.F. :  |b Editorial vLex,   |c 2012 
300 |a 1 Recurso electrn̤ico 
506 |d vLex Global  |d vLex Global (Academic Edition, excluding Law Schools)  |d vLex Global (U.S. Academic Edition, Law Schools)  |d vLex Global (U.S. Academic Edition, excluding Law Schools)  |d vLex Global (Academic Edition, Law Schools) 
650 0 4 |a Derecho tributario  |z Mx̌ico 
740 |a vLex Libros (Servicio en ln̕ea) 
856 |a Acceso restringido  |u http://www.vlex.com/source/21275 
942 |c BOOK 
999 0 |a Taxation